000 00860nab a2200253 u 4500
001 10638
003 HDC
007 cr bn ---aaaaa
008 210205c20130423my dr|nes 0 a may d
040 _aHDC
100 _aMohd Sabran Md Sani,
_eauthor
_98029
245 0 _aPeneraju bekal daging akikah /
_cby Mohd Sabran Md Sani
260 _aKuala Lumpur :
_bNew Straits Times Press (M) Bhd.,
_c2013
336 _atext
_2rdacontent
337 _acomputer
_2rdamedia
338 _aonline resource
_2rdacarrier
650 _aIslam
_vCustoms and practices
_910935
650 _aSacrifice
_xIslam
_9692
710 _aHarian Metro
856 _zRequest full-text at [email protected]
942 _2lcc
942 _cNEWS
942 _kNWSC 003887
999 _c7961
_d7961